Homophones Quiz - P123 - Statistics

General Stats
  • This quiz has been taken 179 times
  • The average score is 13 of 15
Answer Stats
Hint Answer % Correct
But Butt
99%
Eight Ate
98%
There They're
97%
Wrapping Rapping
96%
Flew Flu
94%
Eye I
92%
Bawl Ball
90%
Earn Urn
87%
Beau Bow
86%
Ewe You
85%
Base Bass
80%
Cents Sense
77%
Dough Doe
75%
All Awl
64%
Right Wright
56%
No matching quizzes found
Score Distribution
Percent of People with Each Score
Percentile by Number Answered
Your Score History
You have not taken this quiz